<?xml version="1.0" encoding="UTF-8"?>
<record
    xmlns:xsi="http://www.w3.org/2001/XMLSchema-instance"
    xsi:schemaLocation="http://www.loc.gov/MARC21/slim http://www.loc.gov/standards/marcxml/schema/MARC21slim.xsd"
    xmlns="http://www.loc.gov/MARC21/slim">

  <leader>01811nam a2200337Ia 4500</leader>
  <controlfield tag="001">dia_2120</controlfield>
  <controlfield tag="003">CHAP</controlfield>
  <controlfield tag="005">20230313110033.0</controlfield>
  <controlfield tag="008">220117s1975    xx            000 0 und d</controlfield>
  <datafield tag="010" ind1=" " ind2=" ">
    <subfield code="a">172658</subfield>
  </datafield>
  <datafield tag="040" ind1=" " ind2=" ">
    <subfield code="c">CHAP</subfield>
  </datafield>
  <datafield tag="082" ind1=" " ind2=" ">
    <subfield code="a">637.0603 I54 1975</subfield>
  </datafield>
  <datafield tag="111" ind1=" " ind2=" ">
    <subfield code="a">Periodo de Sesiones del Comit&#xE9;  Mixto FAO-OMS de Expertos Gubernamentales sobre el C&#xF3;digo de Principios Referentes a la Leche y los Productos L&#xE1;cteos (17&#xB0; : 1975 Abr. 14-19 : Roma, Italia)</subfield>
    <subfield code="9">152278</subfield>
  </datafield>
  <datafield tag="245" ind1=" " ind2=" ">
    <subfield code="a">Informe  /</subfield>
    <subfield code="c"> Periodo de Sesiones del Comit&#xE9; Mixto FAO-OMS de Expertos Gubernamentales sobre el C&#xF3;digo de Principios Referentes a la Leche y los Productos L&#xE1;cteos ; organizada por FAO y OMS en la FAO del 14-19 de abril de 1975 en Roma, Italia</subfield>
  </datafield>
  <datafield tag="260" ind1=" " ind2=" ">
    <subfield code="a">Italia  :</subfield>
    <subfield code="b"> FAO,</subfield>
    <subfield code="c">1975</subfield>
  </datafield>
  <datafield tag="300" ind1=" " ind2=" ">
    <subfield code="a">vi, 67 p.</subfield>
  </datafield>
  <datafield tag="410" ind1=" " ind2=" ">
    <subfield code="a">PROGRAMA CONJUNTO FAO/OMS SOBRE NORMAS ALIMENTICIAS</subfield>
  </datafield>
  <datafield tag="590" ind1=" " ind2=" ">
    <subfield code="a">SF253 I54 1975</subfield>
  </datafield>
  <datafield tag="650" ind1=" " ind2=" ">
    <subfield code="a">Dairy products</subfield>
    <subfield code="x">Sanitary and phytosanitary regulations  </subfield>
    <subfield code="9">152279</subfield>
  </datafield>
  <datafield tag="650" ind1=" " ind2=" ">
    <subfield code="a">Food safety</subfield>
    <subfield code="9">148470</subfield>
  </datafield>
  <datafield tag="650" ind1=" " ind2=" ">
    <subfield code="a">Inocuidad alimentaria  </subfield>
    <subfield code="9">58836</subfield>
  </datafield>
  <datafield tag="650" ind1=" " ind2=" ">
    <subfield code="a">Leche</subfield>
    <subfield code="x">Regulaciones sanitarias y fitosanitarias  </subfield>
    <subfield code="9">152280</subfield>
  </datafield>
  <datafield tag="650" ind1=" " ind2=" ">
    <subfield code="a">Milk</subfield>
    <subfield code="x">Sanitary and phytosanitary regulations  </subfield>
    <subfield code="9">152281</subfield>
  </datafield>
  <datafield tag="650" ind1=" " ind2=" ">
    <subfield code="a">Productos l&#xE1;cteos</subfield>
    <subfield code="x">Regulaciones sanitarias y fitosanitarias  </subfield>
    <subfield code="9">152282</subfield>
  </datafield>
  <datafield tag="710" ind1=" " ind2=" ">
    <subfield code="a">Organizaci&#xF3;n de las Naciones Unidas para la Alimentaci&#xF3;n y la Agricultura (FAO) \ Organizaci&#xF3;n Mundial de la Salud (OMS)</subfield>
    <subfield code="9">152283</subfield>
  </datafield>
  <datafield tag="711" ind1=" " ind2=" ">
    <subfield code="a">Periodo de Sesiones del Comit&#xE9; Mixto FAO-OMS de Expertos Gubernamentales sobre el C&#xF3;digo de Principios Referentes a la Leche y los Productos L&#xE1;cteos (17&#xB0; : 1975 Abr. 14-19 : Roma, Italia)</subfield>
    <subfield code="9">152284</subfield>
  </datafield>
  <datafield tag="901" ind1=" " ind2=" ">
    <subfield code="a">637.0603 I54 1975</subfield>
  </datafield>
  <datafield tag="902" ind1=" " ind2=" ">
    <subfield code="a">M</subfield>
  </datafield>
  <datafield tag="905" ind1=" " ind2=" ">
    <subfield code="a">5232271975                          it amn 8226323322spa16</subfield>
  </datafield>
  <datafield tag="942" ind1=" " ind2=" ">
    <subfield code="c">LIBRO</subfield>
    <subfield code="2">ddc</subfield>
  </datafield>
  <datafield tag="999" ind1=" " ind2=" ">
    <subfield code="c">172658</subfield>
    <subfield code="d">172658</subfield>
  </datafield>
  <datafield tag="952" ind1=" " ind2=" ">
    <subfield code="0">0</subfield>
    <subfield code="1">0</subfield>
    <subfield code="2">ddc</subfield>
    <subfield code="4">0</subfield>
    <subfield code="7">0</subfield>
    <subfield code="8">GRAL</subfield>
    <subfield code="a">IA_</subfield>
    <subfield code="b">IA_</subfield>
    <subfield code="d">2022-01-18</subfield>
    <subfield code="f">1</subfield>
    <subfield code="l">0</subfield>
    <subfield code="o">637.0603 I54 1975</subfield>
    <subfield code="p">dia_002232</subfield>
    <subfield code="r">2022-01-18 00:00:00</subfield>
    <subfield code="t">1</subfield>
    <subfield code="w">2022-01-18</subfield>
    <subfield code="y">LIBRO</subfield>
  </datafield>
</record>
